000
00304nam a22001337a 4500
008
181102b xxu||||| |||| 00| 0 eng d
020
_a
9780781732079
041
_a
eng
080
_2
2nd
_a
610.73
100
_a
2
101
_a
INF
245
_a
Health Assessment in Nursing
_c
Weber,J
942
_2
udc
_c
BK
999
_c
51576
_d
51576